Normal view
MARC view
- HOLMES, SHERLOCK FICTION
Entry Topical Term
001 - CONTROL NUMBER
- control field: 4205
003 - CONTROL NUMBER IDENTIFIER
- control field: CBULib
005 - DATE AND TIME OF LATEST TRANSACTION
- control field: 20241211085514.0
008 - FIXED-LENGTH DATA ELEMENTS
- fixed length control field: 241211|| aca||babn | a|a d
040 ## - CATALOGING SOURCE
- Original cataloging agency: CBULib
150 ## - HEADING--TOPICAL TERM
- Topical term or geographic name entry element: HOLMES, SHERLOCK FICTION